000 00990nam a22003257a 4500
001 BR7603635
003 BR-BrBNA
005 20230928085033.0
007 ta
008 230509b bl.||||| |||| 00| 0 por d
040 _aBR-BrBNA
_bpor
_cBiblioteca Nacional de Agricultura
041 _a(Por)
072 _aE70; E15
_b1300
_b/G514
090 _ 1300 BR7603635
110 1 _aMinisterio da Agricultura, Brasilia, DF (Brasil)
_96753
245 1 _aRelatorio do Grupo de Trabalho. Producao e comercializacao de produtos hortigranjeiros [exportacao, credito rural, Brasil]
_bVersao preliminar
260 3 _aBrasilia, DF (Brasil):
_c[nd].
300 _a112 p.
500 _a37 tables; Published 1976?
650 _aHORTALICA
650 _aABASTECIMENTO
650 _aEXPORTACAO
650 _aIMPORTACAO
650 _aMERCADO ATACADISTA
650 _aMERCADO VAREJISTA
650 _aCREDITO RURAL
650 _aORCAMENTO
909 _a202309
_bLucia
_c55
_dLucia Elande
942 _cBK
999 _c22502
_d22502